| 000 | 00518nam a2200181Ia 4500 | ||
|---|---|---|---|
| 003 | GCL | ||
| 008 | 140319s9999 xx 000 0 eng d | ||
| 040 |
_aGCL / _cGCL |
||
| 082 | 0 | 4 |
_a384.554 _bN S |
| 100 | 1 | _aNEGRINE, RALPH | |
| 245 | 1 | 0 |
_aSATELLITE BROADCASTING: THE POLITICS AND IMPLICATIONS OF THE NEW MEDIA / _cNEGRINE, RALPH |
| 260 |
_a[S.N] : _bROUTLEDGE ، _c1988 |
||
| 300 | _a276 P | ||
| 650 | 0 | 4 | _aTELECOMMUNICATION |
| 650 | 0 | 4 | _aDIRECT BROADCAST SATELLITE T.V |
| 650 | 0 | 4 | _aTELEVISION |
| 942 |
_2ddc _cBK |
||
| 999 |
_c14150 _d14150 |
||